Personnalités nées dans les Côtes d'Armor - Statistiques

Statistiques générales
  • Ce quiz a été pris 70 fois
  • Le résultat moyen est 4 sur 13
Statistiques - réponses
Par images Réponse % Correct
Bernard Hinault
79%
Yoann Riou
62%
Jean-Baptiste Guégan
48%
Robin Le Normand
48%
Patrick Dewaere
43%
Marc-Antoine Le Bret
38%
François Pinault
30%
Julie Bresset
13%
Kévin Théophile-Catherine
11%
Marylise Lebranchu
11%
Patrick Le Lay
11%
Pierre Sabbagh
8%
Stéphane Thebaut
7%
Aucun quiz correspondant
Distribution des résultats
% des personnes avec chaque résultat
Percentile par nombre de réponses
Votre historique - résultats
Vous n’avez pas pris ce quiz